000 00567nam a22001937a 4500
005 20251108171232.0
008 250721s1986 xx 000 0 ara d
082 1 4 _aم/216.3/سلا
100 1 _aإبن سلام، أبو عبيد القاسم
245 1 0 _aكتاب الأموال /
264 1 _aبيروت :
_bدار الكتب العلمية،
_c1986.
300 _a622ص
650 1 7 _aالإسلام
650 1 7 _aالفقه
650 1 7 _aالمعاملات
700 1 _aهراس، محمد خليل
_eتحقيق
942 _2ddc
_cREF
999 _c60052
_d60052